| 000 | 01474nam a22003737a 4500 | ||
|---|---|---|---|
| 003 | CHAP | ||
| 005 | 20220329140724.0 | ||
| 008 | 971013s1964 r 00010 d | ||
| 010 | _a56551 | ||
| 011 | _a57523 | ||
| 035 | _a61678 | ||
| 040 | _cCHAP | ||
| 082 |
_a332.71 _bZ5 1964 |
||
| 100 | 0 | 0 |
_aZimmermann Monteagudo, Jorge. _9124046 |
| 245 | _aCrédito agrícola general | ||
| 260 |
_a(México, D.F.) : _bInstituto Interamericano de Ciencias Agrícolas, _c(1964) |
||
| 300 | _a273 p. | ||
| 490 | _aCurso Internacional de Crédito Agrícola. México, 1964 | ||
| 590 |
_aBATCH-UPD _b10 _c20130110 _lUCH01 _h0427 |
||
| 590 |
_aBATCH-UPD _b10 _c20130110 _lUCH01 _h2342 |
||
| 590 |
_aBATCH-UPD _b10 _c20130410 _lUCH01 _h0103 |
||
| 590 |
_aBATCH-UPD _b10 _c20130410 _lUCH01 _h1630 |
||
| 590 |
_aBATCH-UPD _b10 _c20130914 _lUCH01 _h1059 |
||
| 590 |
_aCONVERSION _b10 _c20130109 _lUCH01 _h1330 |
||
| 650 | 1 | 4 |
_aCrédito agrícola. _929022 |
| 830 | 0 |
_aCurso Internacional de Crédito Agrícola. México, 1964 _930649 |
|
| 901 | _aBK | ||
| 942 | _cLIBRO | ||
| 949 |
_a332.71 Z5 1964 _bBC _cLIBRO _d33724000338885 _eLIBRO _h11828 _i61678 _mD _si |
||
| 949 |
_a332.71 Z5 1964 _bBC _cLIBRO _d33724000338893 _eLIBRO _fc.3 _h11830 _i61678 _si |
||
| 949 |
_a332.71 Z5 1964 _bBC _cLIBRO _d33724000338919 _eLIBRO _fc.4 _h11831 _i61678 _si |
||
| 949 |
_a332.71 Z5 1964 _bBC _cLIBRO _d33724000338927 _eLIBRO _fc.5 _h11832 _i61678 _si |
||
| 949 |
_a332.71 Z5 1964 _bBC _cLIBRO _d33724000338935 _eLIBRO _fc.2 _h11829 _i61678 _si |
||
| 999 |
_c56551 _d56551 |
||